|
|
|
|
| LEADER |
01696cam a2200445 i 4500 |
| 001 |
nkc20172887640 |
| 003 |
CZ PrNK |
| 005 |
20170919123804.0 |
| 007 |
ta |
| 008 |
170406s2017 xr g 000 f cze d |
| 015 |
|
|
|a cnb002887640
|
| 020 |
|
|
|a 978-80-7565-107-5
|q (vázáno)
|
| 035 |
|
|
|a (OCoLC)993638687
|
| 040 |
|
|
|a TUG001
|b cze
|d ULG001
|d OLA001
|e rda
|
| 041 |
1 |
|
|a cze
|h eng
|
| 072 |
|
7 |
|a 821.111-3
|x Anglická próza, anglicky psaná
|2 Konspekt
|9 25
|
| 080 |
|
|
|a 821.111-31
|2 MRF
|
| 080 |
|
|
|a (0:82-311.9)
|2 MRF
|
| 100 |
1 |
|
|a Russell, Gary,
|d 1963-
|7 osa2017948942
|4 aut
|
| 240 |
1 |
0 |
|a Big Bang generation.
|l Česky
|
| 245 |
1 |
0 |
|a Doctor Who :
|b kroniky půvabu.
|p Generace velkého třesku /
|c Gary Russell ; z anglického originálu Doctor Who, Big Bang generation ... přeložil Tomáš Oakland
|
| 246 |
1 |
|
|i Druhá část trilogie:
|a Kroniky půvabu
|
| 246 |
3 |
0 |
|a Generace velkého třesku
|
| 250 |
|
|
|a Vydání první
|
| 264 |
|
1 |
|a V Brně :
|b Jota,
|c 2017
|
| 300 |
|
|
|a 242 stran ;
|c 21 cm
|
| 336 |
|
|
|a text
|b txt
|2 rdacontent
|
| 337 |
|
|
|a bez média
|b n
|2 rdamedia
|
| 338 |
|
|
|a svazek
|b nc
|2 rdacarrier
|
| 655 |
|
7 |
|a anglické romány
|7 fd131814
|2 czenas
|
| 655 |
|
7 |
|a vědecko-fantastické romány
|7 fd133847
|2 czenas
|
| 655 |
|
9 |
|a English fiction
|2 eczenas
|
| 655 |
|
9 |
|a science fiction novels
|2 eczenas
|
| 700 |
1 |
|
|a Oakland, Tomáš
|7 xx0129579
|4 trl
|
| 910 |
2 |
|
|a BOA001
|b 2-1387.804
|
| 920 |
|
|
|a KN3148000001109752
|z ULG001
|
| 990 |
|
|
|a BK
|
| 995 |
|
|
|a 01
|
| 996 |
6 |
|
|b 2610707311
|c 2-1387.804
|l MZK
|r Sklad / do 1 hodiny
|n 1
|p p.v.
|w 001612487
|u 000010
|a 1
|e BOA001
|j MZK50
|s P
|
| 996 |
7 |
|
|b 2610707312
|c 2-1387.804
|l MZK
|r Sklad / do 1 hodiny
|n 5
|p p.v.
|w 001612487
|u 000020
|a 1
|e BOA001
|j MZK50
|s A
|